000 00523cam a2200181ua 4500
001 405
008 110331n ii |||gr||||Z||||||eng
040 _cMAIN
082 _a327.54
245 1 _aIndian in world politics :
_bPeriod of transition fall 1956 to spring 1960 /
_cby Karunakar Gupta
250 _a1st.
260 _aCalcutta:
_bScintific book agency,969.
300 _axii, 324p:
_c25cm.
653 _aPolitical science
653 _aIndia in world politics
700 _aGupta, Karunakar.,
_eAuthor.
942 _cBK
999 _c350
_d350